Language of music/ (Record no. 25296)

000 -LEADER
fixed length control field 00386nam a22001451a 4500
020 ## - INTERNATIONAL STANDARD BOOK NUMBER
ISBN 9788123001869
082 ## - DEWEY DECIMAL CLASSIFICATION NUMBER
Classification number 780
Item number NAR/L
100 ## - MAIN ENTRY--AUTHOR NAME
Personal name Narayana Menon V K
245 ## - TITLE STATEMENT
Title Language of music/
Statement of responsibility, etc by Narayana Menon V K
260 ## - PUBLICATION, DISTRIBUTION, ETC. (IMPRINT)
Place of publication India:
Name of publisher Publications Division, Ministry of Information and Broadcasting,
Year of publication 1994.
300 ## - PHYSICAL DESCRIPTION
Number of Pages 103p.
650 ## - SUBJECT ADDED ENTRY--TOPICAL TERM
Topical Term Music
650 ## - SUBJECT ADDED ENTRY--TOPICAL TERM
Topical Term Arts
942 ## - ADDED ENTRY ELEMENTS (KOHA)
Koha item type Book
Holdings
Withdrawn status Lost status Damaged status Not for loan Permanent Location Current Location Date acquired Cost, normal purchase price Full call number Accession Number Cost, replacement price Price effective from Koha item type
        Sree Sankaracharya University of Sanskrit Sree Sankaracharya University of Sanskrit 08.01.2015 30.00 780 NAR/L 053679 0.00 08.01.2015 Book